| Поле | Инд. | ПП | Название | Значение |
|---|---|---|---|---|
| Тип записи | a | |||
| Библиографический уровень | b | |||
| 001 | Контрольный номер | RU/IS/BASE/437224060 | ||
| 005 | Дата корректировки | 20240403144211.8 | ||
| 008 | Кодируемые данные | 20131108 | ||
| 040 | b | Код языка каталог. | rus | |
| e | Правила каталог. | PSBO | ||
| 041 | 0_ | a | Код языка текста | rus |
| 084 | a | Индекс другой классификации/Индекс ББК | 72.4(2Рос) | |
| 100 | 1_ | a | Автор | Швецов А. |
| q | Полное имя | Швецов Александр Николаевич | ||
| 245 | 10 | a | Заглавие | Российская академия наук - очередной объект разрушительных реформационных преобразований |
| 504 | a | Библиография | Библиогр. ссылки. - Примеч. | |
| 520 | 0_ | a | Аннотация | Рассматривая реформу Российской академии наук, заложенную в законопроекте "О Российской Академии наук", автор квалифицирует проект как "приговор не только РАН, но и всей фундаментальной российской науке". Предлагается альтернативный вариант реформы, ориентированный не на копирование американской модели организации науки, а на продолжение и творческую адаптацию к новым условиям соответствующих отечественных традиций |
| 650 | 14 | a | Основная рубрика | наука |
| a | Основная рубрика | организация науки | ||
| 653 | 1_ | a | Ключевые слова | О Российской Академии наук (закон) |
| a | Ключевые слова | англо-саксонская модель | ||
| a | Ключевые слова | гранты | ||
| a | Ключевые слова | модель организации | ||
| a | Ключевые слова | научная политика | ||
| a | Ключевые слова | научные исследования | ||
| a | Ключевые слова | оценка эффективности | ||
| a | Ключевые слова | реформа науки | ||
| a | Ключевые слова | Российская академия наук (РАН) | ||
| a | Ключевые слова | Россия | ||
| a | Ключевые слова | США | ||
| a | Ключевые слова | университеты | ||
| a | Ключевые слова | финансирование научных исследований | ||
| a | Ключевые слова | фундаментальная наука | ||
| a | Ключевые слова | эффективность науки | ||
| 773 | 08 | t | Заглавие источника | Российский экономический журнал |
| d | Дата издания источника | 2013 | ||
| g | Прочая информация | № 4. - С. 3 - 23 | ||
| w | Контрольный № источника | RU/IS/BASE/435078745 | ||
| 901 | t | Тип документа | b |